[Event "DDR-ch29 Final"]
[Site "Plauen"]
[Date "1980.02.05"]
[Round "3"]
[White "Knaak, Rainer"]
[Black "Boehnisch, Manfred"]
[Result "1/2-1/2"]
[WhiteElo "2535"]
[BlackElo "2355"]
[Annotator "Knaak,R"]
[PlyCount "92"]
[EventDate "1980.02.03"]
[EventType "tourn"]
[EventRounds "15"]
[EventCountry "DDR"]
[EventCategory "5"]
[SourceTitle "MCL"]
[Source "ChessBase"]
[SourceDate "1999.07.01"]
[SourceVersion "1"]
[SourceVersionDate "1999.07.01"]
[SourceQuality "1"]

1. d4 d5 2. c4 c6 3. Nf3 Nf6 4. cxd5 {Der Grund für diesen Zug war, daß ich
gegen "Papis" System auf 4.Sc3 nichts fand.} (4. Nc3 dxc4 5. a4 Bf5 6. e3 Na6
7. Bxc4 Nb4 8. O-O e6 9. Qe2 Nbd5 10. Ne5 {So spielte ich beim Leipziger
Turnier II 1978.} (10. Nh4 Bg4 (10... Bg6 $142) 11. f3 Bh5 12. g4 Bg6 {
Starck-Boehnisch, Enzyklopädie.}) 10... Bd6 $1 11. f3 Nb6 $1 {Der Springer
macht seinen 4.Zug!} 12. e4 (12. Bb3 Bxe5 13. dxe5 Bd3) 12... Bg6 13. Be3 Qc7
$1 14. Ba2 Bxe5 15. dxe5 Qxe5 16. f4 {Nun hätte er 16...Dc7 spielen sollen,
wonach ich höchstens Kompensation für den Bauern besitze.}) 4... cxd5 5. Nc3
Nc6 6. Bf4 Bf5 7. e3 e6 8. Bb5 Nd7 9. Qa4 Qb6 {Der andere Zug ist 9...Tc8.} 10.
Nh4 Bd3 $2 {War für mich neu, wurde aber schon gespielt.} 11. Nxd5 $1 {Das ist
die Widerlegung. Ich brauchte dafür eine halbe Stunde.} Bb4+ (11... exd5 12.
Bxd3 Qxb2 13. O-O {und Weiß hat alles: sichere Königsstellung, Läuferpaar,
intakte Bauernstruktur.}) 12. Kd1 $1 {Diesen Zug machte ich dafür н tempo. In
den anderen Varianten bekommt Weiß Schwierigkeiten mit der Rochade:} (12. Qxb4
exd5) (12. Nxb4 Bxb5 13. Qa3) 12... exd5 (12... Bxb5 13. Nxb6 Bxa4+ 14. Nxa4 {
und Schwarz hat keine Kompensation für den Bauern.}) 13. Bxd3 Be7 14. Nf5 Qxb2
15. Rb1 Qc3 (15... Qxf2 16. Rxb7) 16. Ke2 {Ich war mir sicher, klar auf Gewinn
zu stehen. Natürlich trog mein Gefühl nicht.} Bb4 17. Bb5 $1 Nb6 18. Qb3 $6 (
18. Bxc6+ bxc6 19. Nxg7+ Kf8 20. Qxb4+ Qxb4 21. Rxb4 Kxg7 {
Unverständlicherweise war mir diese forcierte Variante zu wenig (!). Das
Endspiel sollte Weiß aber keine größeren Probleme bieten.}) 18... Qxb3 {
Schwarz hat keine Wahl, da 18...0-0 Material verliert:} (18... O-O 19. Qxc3
Bxc3 20. Bxc6 bxc6 21. Rhc1 Ba5 22. Ne7+ Kh8 23. Nxc6 Nc4 24. Rxc4) 19. Rxb3 $2
{Immer noch konnte ich mit 19.Lxc6+ besagtes gewonnenes Endspiel erreichen.
Fakt war, daß ich den nächsten schwarzen Zug nicht sehr ernst genommen habe.} (
19. Bxc6+ bxc6 20. Nxg7+ Kf8 21. Rxb3 Kxg7 22. Rxb4) 19... Bf8 $1 20. a4 {
Ein einfacher Materialgewinn ist nicht zu sehen. Ich muß die Partie noch
einmal gewinnen.} g6 21. Nd6+ Bxd6 22. Bxd6 O-O-O $1 23. Bf4 Na5 24. Rc3+ Nbc4
25. Be5 Rhg8 $8 26. e4 $1 a6 27. Bxc4 dxc4 $8 28. Rb1 (28. f3 b5 $1) 28... Rge8
29. Ke3 Re6 30. f4 $4 {Richtig war 30.Lg3 und Schwarz hat keinen guten Plan:} (
30. Bg3 {Macht Schwarz gar nichts, so folgt f3, Le1 und Tc2. Möglich wäre z.B.:
} b6 (30... f5 31. f3 fxe4 (31... Rde8 32. d5 $1) 32. fxe4 Rde8 33. e5 {
nebst 34.Ke4 und 35.d5 +-}) 31. f3 Kb7 32. Be1 Rc8 33. d5 Ree8 34. Rb4 Red8 35.
Kf4 {Idee 36.Lf2}) 30... f6 31. d5 Ree8 32. Bxf6 Rxd5 33. Be5 (33. e5 {ist
sehr gefährlich. Nun scheitert} b5 {wegen} 34. axb5 axb5 35. Ke4 Rc5 36. Ra3 {
nebst Ta8+ und Td1+. Jedoch 33...Kc7 und dann erst 34...b5 ist viel stärker.})
33... Rd7 34. Rbc1 {Verhindert 34...Ted8, droht aber nichts. Von weißem
Vorteil kann nicht mehr die Rede sein.} Re6 35. Rb1 Re8 36. Rb6 Red8 37. Rc2
Rd1 38. Ke2 Nc6 39. Bf6 R8d3 40. Bc3 Kc7 41. Rcb2 {Mein Abgabezug. Sieht
verlockend aus, forciert aber das Remis. Mit 41.a5 hätte ich noch etwas
spielen können.} Rg1 42. Rxb7+ Kc8 43. Kf2 Ra1 44. R7b6 Kc7 45. Rb7+ Kc8 46.
R7b6 Kc7 1/2-1/2

[Event "EU-ch 19th"]
[Site "Batumi"]
[Date "2018.03.19"]
[Round "3"]
[White "Gajewski, Grzegorz"]
[Black "Matlakov, Maxim"]
[Result "1-0"]
[WhiteElo "2588"]
[BlackElo "2707"]
[Annotator "Krasenkow,M"]
[PlyCount "103"]
[EventDate "2018.03.17"]
[EventType "swiss"]
[EventRounds "11"]
[EventCountry "GEO"]
[SourceTitle "CBM 184"]
[Source "ChessBase"]
[SourceDate "2018.05.16"]
[SourceVersion "1"]
[SourceVersionDate "2018.05.16"]
[SourceQuality "1"]

1. d4 d5 2. c4 c6 3. cxd5 cxd5 4. Nc3 Nf6 5. Nf3 Nc6 6. Bf4 Bf5 7. e3 e6 8. Qb3
Bb4 9. Ne5 Bxc3+ (9... Qb6 {is another common continuation here.}) 10. bxc3
Nxe5 11. Bxe5 O-O $1 {[%mdl 512]} 12. Rc1 (12. Qxb7 {gives Black strong
counterplay:} Rc8 13. Ba6 (13. Qxa7 Ne4 14. a4 Nxc3 15. a5 Nb1 $1 16. f3 Rc1+
17. Kf2 Qc8 $40 {0-1 (28) Milchev,N (2395)-Lindgren,P (2374) Vaxjo 2015}) (13.
Rc1 $5 {leads to the game position}) 13... Rxc3 14. O-O Ne4 15. Rac1 Rxc1 16.
Rxc1 Qa5 17. Rf1 h5 18. h4 Qxa2 {0-1 (37) Vasquez Schroder,R (2555)-Vocaturo,D
(2598) Barcelona 2017 - at least, Black is not worse here.}) (12. Be2 Rc8 13.
O-O (13. Rc1 Ne4 14. f3 Nd6 15. Bxd6 Qxd6 16. O-O Rc7 17. c4 dxc4 18. Rxc4 Rfc8
19. Rfc1 g5 20. a4 b6 $11 {1/2 (62) Morovic Fernandez,I (2528)-Lopez Gonzalez,
A (2385) Santa Maria del Mar 2017}) 13... Ne4 (13... Qe7 14. Rfc1 (14. f3 $5)
14... Ne4 15. Qb2 f6 16. Bf4 g5 17. Bg3 Rc6 $132 {1-0 (73) Melkumyan,H (2633)
-Fressinet,L (2662) Riadh 2017}) 14. Rfc1 (14. Qxb7 f6 15. Bg3 Rf7 16. Qa6 Nxc3
17. Rfc1 Nxe2+ 18. Qxe2 Rb7 $11 {1/2 (31) Akobian,V (2617)-Bu,X (2670)
Istanbul 2012}) 14... Qa5 (14... Qh4 15. Bg3 Qe7 16. c4 Nd2 $11 {0-1 (46)
Polak,T (2520)-Ragger,M (2655) Austria 2013}) 15. Qb4 (15. f3 $5 Nxc3 16. Bf1 {
[%cal Re5d6]} Rc6 17. Qxb7 Rfc8 18. Kh1 $11) 15... Qxb4 16. cxb4 Rc3 17. Rxc3
Nxc3 18. Bf1 Rc8 $11 {0-1 (62) Dao,T (2490)-Nguyen,N (2621) Sharjah 2014}) (12.
f3 $5 Rc8 13. Be2 Nd7 14. Bd6 Re8 15. O-O Nb6 16. Bc5 Nd7 17. Ba3 Qc7 (17... e5
$5 $132) 18. Rac1 Nb6 19. Bc5 Nc4 (19... Nd7 20. Bb4 $1) 20. Bxc4 dxc4 21. Qa3
Bd3 22. Rf2 Ra8 23. Bd6 Qc6 24. e4 Red8 25. Bf4 $14 {1-0 (59) Mastrovasilis,A 
(2488)-Svane,R (2595) Heraklio 2017}) 12... Rc8 13. Qxb7 {Still!} (13. Be2 $11)
13... Ne4 14. f3 $5 {White goes for risky complications. They don't bring him
a real advantage but the position becomes double-edged.} Qh4+ {Black wants
more than} (14... Rxc3 $5 15. Rxc3 Nxc3 {. Or maybe Maxim Matlakov was afraid
of} 16. Qb4 $5 {underestimating} Nxa2 17. Qa3 Qb6 18. Qxa2 Rc8 $44) 15. g3 Qh6
16. Bf4 g5 17. Bc7 g4 18. Bf4 Ng5 19. fxg4 Be4 20. h4 Bxh1 21. Be2 f6 22. hxg5
fxg5 23. Bd6 $13 Rcd8 $2 {Black was not forced to give the exchange back.} (
23... Rfd8 24. Kd2 (24. Be7 $6 Rb8) 24... Be4 $13 {was quite possible. E.g.}
25. Be5 Qg6 26. Rf1 Rf8 27. Bd6 Rfd8 {[%cal Yg6g7] - White has hardly more
than a draw.}) 24. Bxf8 Rxf8 25. Kd2 Bf3 26. Rf1 $6 (26. Re1 $5 $14) 26... Qh2
$6 (26... Bxe2 $1 {was much simpler:} 27. Rxf8+ Kxf8 28. Qb8+ (28. Kxe2 Qh2+
29. Kd3 Qxa2) 28... Kf7 29. Qxa7+ Kf6 30. Kxe2 Qh2+ 31. Kd3 Qxg3 32. Qxh7 Qe1
$132) 27. Rxf3 Rxf3 28. Qe7 Rf2 {Now White captures Black's e6- and a7-pawns
with checks. Black should not lose anyway but his defensive task is quite
difficult.} 29. Qxe6+ Kg7 30. Qd7+ Kg6 31. Qc6+ Kg7 32. Qb7+ Kh6 33. Qa6+ Kg7
34. Qxa7+ Kh6 35. Qa6+ Kg7 36. a4 Qxg3 37. Qb7+ Kh6 38. Qc6+ Kg7 39. Qd7+ Kh6
40. a5 Qg2 41. Qb5 Qxg4 $2 {[%mdl 16384] An obvious but losing move.} ({After} 
41... Qf1 $1 42. a6 ({or} 42. e4 dxe4 43. Qc6+ Kg7 44. Qxe4 Qa1) 42... Qa1 {
White has nothing better than a perpetual.}) 42. a6 Qe6 43. a7 Rf8 44. Qb8 Qg8
{Black is now completely passive. White wins by activating his bishop.} (44...
Re8 45. Bb5 $1 Qxe3+ 46. Kc2 $18) 45. Qd6+ Kg7 46. Qd7+ Kh8 47. Bb5 {[%cal
Yb5c6]} Rf2+ 48. Ke1 Ra2 49. Qe7 Qg6 50. Qe5+ Qg7 51. Qb8+ Qg8 52. Bc6 1-0

[Event "SUI-chT"]
[Site "Switzerland"]
[Date "1998.??.??"]
[Round "?"]
[White "Milov, Vadim"]
[Black "Huebner, Robert"]
[Result "1-0"]
[WhiteElo "2633"]
[BlackElo "2585"]
[Annotator "Milov,V"]
[PlyCount "77"]
[EventDate "1998.03.29"]
[EventType "team-tourn"]
[EventRounds "9"]
[EventCountry "SUI"]
[SourceTitle "CBM 069"]
[Source "ChessBase"]
[SourceDate "1999.04.01"]
[SourceVersion "1"]
[SourceVersionDate "1999.04.01"]
[SourceQuality "1"]

1. d4 d5 2. c4 c6 3. cxd5 {This variation is rarely played in recent times
because it seems that Black has found safe ways to neutralize White´s
initiative.} cxd5 4. Nc3 Nf6 5. Bf4 Nc6 6. Nf3 Bf5 7. e3 e6 8. Bb5 Nd7 9. O-O (
9. Qa4 {is more popular}) 9... Be7 10. Qb3 O-O (10... g5 $5 {N} 11. Bg3 h5 12.
h3 g4 (12... h4 $5 13. Bh2 g4 14. hxg4 Bxg4 15. Nd2 h3 16. g3 Bd6 17. f3 Bf5
18. Ne2 $14 {עe8}) 13. hxg4 hxg4 14. Nd2 Bh4 15. Ne2 (15. Rfc1 $5) 15... Qa5
$5 (15... Qf6 16. Rfc1 Qh6 17. Nf1 $16 {/^a4-e8}) (15... Bxg3 16. fxg3 {
/\ Kf2, Nf4}) 16. e4 $3 $16 {Milov,V-Sadler,M/Isle of Man 1994/1-0 (49)}) 11.
Rfc1 Rc8 12. Bxc6 bxc6 13. Qb7 g5 $5 {Trying to create threats on the kingside}
(13... a5) 14. Bg3 h5 (14... g4 15. Ne5) 15. h3 g4 16. hxg4 hxg4 17. Nd2 (17.
Ne5 Nxe5 (17... Rc7 18. Qa6 Qc8 19. Qe2) 18. Bxe5 f6 (18... Bd6 19. Bxd6 Qxd6
20. Qxa7) (18... Bf6 19. Ne2) (18... Bd3 19. Rd1) 19. Bg3 Rf7 20. Qa6 Rh7 $36)
17... Bd3 $1 {Sacrificing a pawn, Black tries to get some compensation due to
the weak white squares in the opponent`s camp and poor position of the white
pieces.} (17... Bh4 18. Bd6 $1 (18. Ne2 Bxg3 19. Nxg3 Bd3 20. Rxc6 Rb8 21. Qxa7
Rxb2 22. Rd1 Bb5) (18. Bf4 Bd3 19. Qxa7) 18... Be7 19. Qb4 $14) (17... c5 18.
Nb5 $16) 18. Qxa7 (18. b4 Nb6) (18. Na4 Bb5 19. Nc3 $11) 18... c5 19. Qa4 cxd4
$2 {But this move is a mistake. Black should have kept the centre closed.} (
19... c4 20. Qd1 f5 21. Ne2 Bxe2 22. Qxe2 Nf6 $44) 20. Qxd4 Bf5 21. Nb3 $2 {
It was necessary to try to open the centre, taking advantage of the weakness
of the black king.} (21. e4 $1 Bf6 22. Qb4 (22. Qd3 Bg6 (22... Nc5 23. Qe2 $16)
23. Qe2 $16) 22... Be7 23. Bd6 $16) 21... Bf6 22. Qd2 Ne5 23. Nd4 Bg6 24. Qe2
Qb6 {[#]} (24... Nd3 25. Rd1 Qb6 26. Rd2 $16) 25. Bxe5 (25. Rd1 Bd3 (25... Nc4
26. b3) 26. Rxd3 Nxd3 27. Qxg4+ Kh8 $11) (25. Na4 Qb4) 25... Bxe5 26. Rd1 Rc4
27. Qxg4 Qxb2 28. Nce2 Ra8 $2 (28... Bxd4 $8 29. exd4 (29. Nxd4 $2 e5) 29...
Ra8 30. Ng3 Rxa2 31. Rxa2 Qxa2 32. Nh5 Qa4 $1 $11) 29. Qg5 $1 $16 {Now the
white pieces spring to life} Bxd4 30. Nxd4 Qb6 31. Nf3 (31. f4 $1 Qd8 $140 32.
Nxe6) 31... Qd8 32. Qg3 Qf6 33. Rab1 Kg7 34. Ne5 Re4 35. f4 Rxa2 (35... Ra3 36.
Rb3) 36. Rb7 {[#]} Re2 37. Nxf7 Qxf7 (37... R4xe3 38. Ne5+ Kg8 39. Qxg6+ Qxg6
40. Nxg6 Rg3 41. Nh4 $18) 38. Rxf7+ Kxf7 39. Ra1 1-0

[Event "Moscow Nutcracker"]
[Site "Moscow"]
[Date "2014.12.23"]
[Round "4.3"]
[White "Morozevich, Alexander"]
[Black "Artemiev, Vladislav"]
[Result "1-0"]
[WhiteElo "2712"]
[BlackElo "2662"]
[Annotator "Pavlovic,M"]
[PlyCount "99"]
[EventDate "2014.12.20"]
[EventType "schev"]
[EventRounds "4"]
[EventCountry "RUS"]
[SourceTitle "CBM 164"]
[Source "ChessBase"]
[SourceDate "2015.01.15"]
[SourceVersion "1"]
[SourceVersionDate "2015.01.15"]
[SourceQuality "1"]
[WhiteTeam "Kings"]
[BlackTeam "Princes"]
[BlackTeamCountry "RUS"]

1. d4 d5 2. c4 c6 3. cxd5 cxd5 4. Nc3 Nf6 5. Nf3 Nc6 6. Bf4 Bf5 7. e3 e6 8. Qb3
Bb4 9. Ne5 Qb6 {This is considered to be the main line but other lines in
particular ...Qe7 look more to the point.} (9... O-O 10. Nxc6 Bxc3+ 11. Qxc3
bxc6 12. Qa3 a5 13. Be2 Qb6 14. O-O Rfc8 15. Rfc1 Ra7 16. f3 Rb7 17. b3 Nd7 18.
Qd6 Nb8 19. Rc3 $14 {1-0 (59) Stojanovic,M (2582)-Hole,O (2380) Oslo 2011}) (
9... Qe7 10. Bb5 Rc8 11. Nxc6 bxc6 12. Ba6 Rd8 13. O-O O-O 14. Na4 Ne4 $5 {
this simply had to be played} (14... Bd6 15. Bxd6 Qxd6 16. Qc3 Rfe8 17. Nc5 $5
(17. f4 Ne4 18. Qa3 Qxa3 19. bxa3 Rb8 20. Rac1 Nd2 21. Rfd1 Rb1 22. Rxb1 Nxb1
23. Rc1 Nxa3 24. Rxc6 Nc2 25. Rc3 Nb4 26. Nc5 Nxa2 27. Rb3 h6 28. Kf2 Rd8 $11 {
1/2-1/2 (39) Colovic,A (2487)-Felgaer,R (2564) Tromso 2014}) 17... Rb8 18. Rac1
Rb6 19. Be2 Ne4 20. Nxe4 Bxe4 21. b3 e5 22. Rfd1 $14) 15. Rfc1 {with a few
possible interesting ideas for Black:} g5 (15... c5 $5 16. Nxc5 Bxc5 17. dxc5
e5 18. Bg3 h5 19. f3 Rb8 20. Qa3 Nxg3 21. hxg3 Qg5 22. Kh2 (22. c6 Qxg3 23. c7
Rb6 {with complications}) 22... h4 23. gxh4 Qxh4+ 24. Kg1 e4 25. Rf1 Rfe8 $44)
16. Bg3 (16. Be5 f6 17. Bg3 h5 18. Rxc6 h4 19. Bc7 (19. Rc7 hxg3 $1 20. Rxe7
gxf2+ 21. Kh1 Bxe7 $19) 19... Rd7 20. a3 Rxc7 21. Rxc7 Qxc7 22. axb4 Nxf2 $5
23. Kxf2 Qxh2 $36) 16... Nxg3 (16... h5 17. Rxc6 h4 18. Be5 f6 19. Rc7 $18) 17.
hxg3 Rb8 18. Qd1 (18. Rxc6 Qd7 $1 $15) 18... Qd7 19. a3 Bd6 20. b4 Bg6 21. Rc3
f5 22. Rac1 Be8 23. Rxc6 f4 $1 $44) 10. Nxc6 bxc6 11. Be2 Ne4 12. f3 Nxc3 13.
bxc3 Be7 14. O-O O-O 15. c4 c5 16. cxd5 exd5 {I must admit that this line is
strangly understated so far for White, and that is particularly interesting
because from this moment White will be a pawn up no matter what Black will do.}
({A move more often played is} 16... Qxb3 17. axb3 exd5 18. dxc5 Bxc5 19. Ra5
Bb6 20. Rxd5 Be6 21. Rd3 {and White has got a pawn, although Black has active
chances. Still I think that such positions deserve more attention.} Rac8 (21...
Rfd8 22. Rfd1 Rxd3 23. Rxd3 {1/2-1/2 (23) Tkachiev,V (2639)-Fressinet,L (2697)
Belfort 2010; this doesn't tell us much}) (21... Rfc8 22. Ra1 $1 (22. Bd1 Rd8
23. Rxd8+ Rxd8 24. b4 h6 25. Re1 a5 $1 $36 {0-1 (39) Moradiabadi,E (2575)
-Nguyen Ngoc Truongson (2628) Guangzhou 2010}) 22... h6 23. h4 {with similar
play compared to 21...Rac8}) 22. Ra1 h6 (22... Bf5 23. Rd6 Be6 24. b4 h6 25. h4
Rc3 26. Kf2 Rc2 27. Rad1 Rb2 28. b5 Re8 29. R1d2 $1 $14 ({White simply
blundered with} 29. Be5 $2 Rxe2+ 30. Kxe2 Bc4+ {0-1 (32) Bosiocic,M (2561)
-Ragger,M (2614) Austria 2011})) 23. h4 a5 24. Kh2 Rfd8 25. Rad1 Rxd3 26. Rxd3
Rd8 27. Rc3 Rd2 28. Bd3 Bd8 29. e4 $1 Rb2 30. Bc4 Bxh4 31. Bxe6 fxe6 32. Be5
Rb1 33. Rc8+ Kf7 34. Rc7+ Ke8 35. Rxg7 Rxb3 36. Rg6 $14 {1-0 (49) Bubnov,
V-Sherwood,R corr. 2013}) 17. Qxd5 Be6 (17... Bg6 18. Qd7 Bf6 19. dxc5 Qxc5 20.
Rac1 Qa3 21. Qd5 $5 (21. e4 Rad8 22. Qb5 Bd4+ 23. Kh1 Qxa2 24. Bc4 Qa3 25. Bc7
Rc8 26. Qd7 Bc5 27. Rfd1 Kh8 $16 {1/2-1/2 (27) Stojanovic,M (2559)-Wirig,A 
(2495) Germany 2014; White could still carry on playing, his position is strong
} 28. Rc2 $5 a5 29. Ra2 Qc3 30. Ba6 $16) 21... Rfd8 22. Qb3 Qxb3 23. axb3 Bf5
24. Bc7 Rd2 25. Bc4 Be6 26. Ba5 Rb2 27. Rf2 Rc8 28. Rxb2 Bxb2 29. Rc2 Bf6 30.
Kf2 $16) 18. Qe4 cxd4 19. exd4 Bf6 20. Be5 Bxe5 21. Qxe5 Rfd8 22. Rfd1 {
A pawn up for White, still though not losing for Black, but in the game Black
didn|t defend well.} g6 $6 {I think that Black had a better option here.} (
22... Rab8 23. Bd3 Qd6 24. Be4 {now Black has a couple of options and all of
them can give him reasonable chances for a draw.} Rb6 (24... Rb2 25. Qxd6 Rxd6
26. d5 Bd7 27. Rdb1 Rdb6 28. Rxb2 Rxb2 29. Rb1 Rxb1+ 30. Bxb1 Kf8 31. Kf2 Ke7
32. Ke3 h6 33. Kd4 Kd6 34. f4 $16) (24... g6 25. Qxd6 Rxd6 26. d5 Rbd8 27. Rd3
f5 28. dxe6 fxe4 29. Rxd6 Rxd6 30. Re1 Rxe6 31. Rxe4 $14) 25. a4 f5 26. Bc2 g6
27. a5 Rb4 28. Qxd6 Rxd6 29. Ra4 $14) 23. Rab1 Qd6 24. Qxd6 Rxd6 25. a4 Rad8
26. Rb7 a5 27. Ra7 $16 Rxd4 28. Rxd4 Rxd4 29. Rxa5 {A clear pawn up.} Bc4 {
An interesting endgame is ahead of us.} (29... h5 30. Ra8+ Kg7 31. a5 Bc4 32.
Bxc4 Rxc4 33. a6 Ra4 34. a7 h4 35. Kf2 g5 (35... Kf6 36. Ke3 Kg5 37. g3 hxg3
38. hxg3 f5 39. Kd3 $18) 36. Ke2 Kf6 37. Kd2 Kf5 38. g3 Ra3 39. Kc2 h3 (39...
hxg3 40. hxg3 f6 41. Kb2 Ra6 42. Kb3 Ra1 43. Kc4 Ra5 44. Kb4 Ra1 45. Kc5 Ra6
46. Kb5 Ra1 47. Kc6 Ra2 48. Kd6 Ra3 49. Ke7 Ra6 50. Kf7 Ra5 51. Kg7 Ra6 52. Kh6
Ra5 53. g4+ Kf4 54. Rf8 Rxa7 55. Rxf6+ Kg3 56. Kxg5 $18) 40. Kb2 Ra5 41. Kb3 f6
42. Kb4 Ra1 43. Kb5 Ra2 44. Kb6 Rb2+ 45. Kc6 Ra2 46. Kd6 Ra6+ (46... Rd2+ 47.
Ke7 Re2+ 48. Kf7 Ra2 49. g4+ $1 Kf4 50. Kxf6 Kxf3 51. Kxg5 Kg2 52. Kh4 Kxh2 53.
Rb8 Rxa7 54. Rb2+ Kh1 55. Kxh3 $18) 47. Ke7 Ra5 48. Kf7 Ra6 49. Kg7 Ra5 50. Kh7
Ra6 51. Kh6 Ra5 52. g4+ Kf4 53. Rf8 Rxa7 54. Rxf6+ Ke3 55. Kxg5 Ra2 56. Kh4
Rxh2 57. Kg3 Rh1 58. Rf5 $18) 30. Bxc4 Rxc4 31. g4 $1 Rc2 32. Rb5 Ra2 33. a5 h6
{I am not sure about this move, but it is not easy to give something better,
for example} (33... Kf8 34. h4 Ke7 35. Kf1 Kd6 36. h5 (36. Rb7 Ke6 37. Ra7 f5
$11 {this looks drawish}) 36... Kc7 37. h6 $1 {is probably a lost endgame for
Black.}) 34. h4 $1 Kg7 35. Kf1 Kf6 36. Ke1 Ke6 37. Kd1 Kd6 38. h5 $1 Kc7 39.
Ke1 Kd7 40. Rb7+ Ke8 41. Rb8+ Ke7 42. hxg6 fxg6 43. Ra8 g5 44. a6 Kf7 45. Kd1
$18 Kg7 46. Kc1 Ra3 47. Kb2 Rxf3 48. Rb8 Rf2+ 49. Kb3 Rf3+ 50. Kb4 1-0

[Event "Cappelle op 31st"]
[Site "Cappelle la Grande"]
[Date "2015.03.02"]
[Round "4"]
[White "Aghayev, Miragha"]
[Black "Lalic, Bogdan"]
[Result "1/2-1/2"]
[WhiteElo "2345"]
[BlackElo "2483"]
[Annotator "RR"]
[PlyCount "44"]
[EventDate "2015.02.28"]
[EventType "swiss"]
[EventRounds "9"]
[EventCountry "FRA"]
[SourceTitle "EXT 2016"]
[Source "ChessBase"]
[SourceDate "2015.10.08"]
[SourceVersion "1"]
[SourceVersionDate "2015.10.08"]
[SourceQuality "1"]

1. d4 d5 2. c4 c6 3. cxd5 cxd5 4. Nc3 Nf6 5. Nf3 Nc6 6. Bf4 Bf5 7. e3 e6 8. Bd3
Bxd3 9. Qxd3 Bd6 10. Bxd6 Qxd6 11. O-O O-O 12. Rfc1 Rac8 13. a3 h6 (13... a6)
14. h3 Nd7 15. Ne2 a6 16. Nd2 $146 (16. Rc2 Ne7 17. Rac1 Rxc2 18. Rxc2 Rc8 19.
Rxc8+ Nxc8 {1/2-1/2 (19) Murali Krishnan,B (2299)-Laxman,R (2450) Dharamshala
2014}) 16... Ne7 17. Rxc8 Rxc8 18. Rc1 Rxc1+ 19. Nxc1 Qc7 20. Ne2 Nc8 21. Qc3
Qxc3 22. Nxc3 Nd6 1/2-1/2

[Event "Rohde op 08th"]
[Site "Sautron"]
[Date "2008.10.27"]
[Round "3"]
[White "Tissir, Mohamed"]
[Black "Gagunashvili, Merab"]
[Result "1/2-1/2"]
[WhiteElo "2463"]
[BlackElo "2576"]
[Annotator "RR"]
[PlyCount "53"]
[EventDate "2008.10.25"]
[EventType "swiss"]
[EventRounds "9"]
[EventCountry "FRA"]
[SourceTitle "EXT 2009"]
[Source "ChessBase"]
[SourceDate "2008.11.26"]
[SourceVersion "1"]
[SourceVersionDate "2008.11.26"]
[SourceQuality "1"]

1. Nf3 d5 2. d4 c6 3. c4 Nf6 4. cxd5 {Le signe que le marocain se contenterait
de la nulle contre le fort GMI.} cxd5 5. Nc3 Nc6 6. Bf4 Bf5 (6... e6) (6... a6)
7. e3 e6 8. Bd3 (8. Qb3 Bb4 9. Bb5) (8. Bb5 Nd7 9. Qa4 Rc8 10. O-O a6 11. Bxc6
Rxc6 12. Rfc1 Be7 13. Nd1 $11 {[%cal Gc1c6]}) 8... Bxd3 9. Qxd3 Bd6 10. Bxd6
Qxd6 11. O-O O-O 12. Rac1 Rfc8 13. a3 Nd7 ({RR} 13... Na5 14. Nd2 Nc4 15. Nxc4
Rxc4 16. Ne2 Rac8 17. Rxc4 Rxc4 18. Rc1 {1/2-1/2 Vasiukov,E (2560)-Furman,S 
(2540)/Tbilisi 1973/MCD}) ({RR} 13... Ne7 14. Ne5 a6 15. Rc2 Rc7 16. Rfc1 Rac8
17. Ne2 Ng6 18. Nf3 Ne7 19. Ne5 Ng6 20. Nf3 Ne7 21. Ne5 {1/2-1/2 Skorchenko,D 
(2511)-Iskusnyh,S (2499)/Novokuznetsk 2008/CBM 126}) 14. Rc2 $146 ({RR} 14. Ne2
Na5 15. Rxc8+ Rxc8 16. Rc1 {1/2-1/2 Ligterink,G (2440)-Bohm,H (2380)/Wijk aan
Zee 1983/MCD}) 14... Ne7 15. Rfc1 a6 16. Na4 {[%csl Rb6,Rc5]} Rxc2 17. Rxc2 Rc8
18. b4 Rxc2 19. Qxc2 Qc6 20. Qxc6 Nxc6 $11 21. Kf1 b6 22. Ke2 Kf8 23. Kd3 Ke7
24. h4 h6 25. Nc3 Nf6 26. Na4 Nd7 27. Nc3 {Les deux joueurs ont reçu un
avertissement oral de l'arbitre après cette nulle car le réglement prévoyait
un minimum de 2h de jeu avant de proposer la nulle.} 1/2-1/2